[Event "FRA-chT U20 1112"]
[Site "France"]
[Date "2012.01.21"]
[Round "1.11"]
[White "Mizrahi, Guilhem"]
[Black "Navrotescu, Andreea Cristiana"]
[Result "0-1"]
[WhiteElo "1199"]
[BlackElo "2057"]
[PlyCount "66"]
[EventDate "2011.12.03"]
[EventType "team-swiss"]
[EventRounds "7"]
[EventCountry "FRA"]
[SourceTitle "EXT 2013"]
[Source "ChessBase"]
[SourceDate "2012.11.22"]
[SourceVersion "1"]
[SourceVersionDate "2012.11.22"]
[SourceQuality "1"]

1. d4 Nf6 2. c4 e6 3. Nc3 Bb4 4. Bd2 0-0 5. e4 Bxc3 6. bxc3 Nxe4 7. Qe2 Nxd2 8. Qxd2 d6 9. Bd3 Nc6 10. Nf3 h6 11. h4 e5 12. d5 Nb8 13. 0-0 Bg4 14. Be4 f5 15. Qe3 fxe4 16. Nh2 Bf5 17. h5 Nd7 18. Rae1 Nc5 19. g4 Bd7 20. f3 exf3 21. Nxf3 Bxg4 22. Rc1 Bxf3 23. Rxf3 Rxf3 24. Qxf3 Qg5+ 25. Kf1 Qxc1+ 26. Ke2 Qc2+ 27. Ke3 Qxc3+ 28. Kf2 Rf8 29. Qxf8+ Kxf8 30. a4 e4 31. a5 Qf3+ 32. Ke1 e3 33. a6 Nd3# 0-1

[Event "FRA-chT U20 1112"]
[Site "France"]
[Date "2011.12.04"]
[Round "2.11"]
[White "Cogan, Nicolas"]
[Black "Mizrahi, Guilhem"]
[Result "1-0"]
[WhiteElo "1812"]
[BlackElo "1199"]
[PlyCount "43"]
[EventDate "2011.12.03"]
[EventType "team-swiss"]
[EventRounds "7"]
[EventCountry "FRA"]
[SourceTitle "EXT 2013"]
[Source "ChessBase"]
[SourceDate "2012.11.22"]
[SourceVersion "1"]
[SourceVersionDate "2012.11.22"]
[SourceQuality "1"]

1. d4 d5 2. c4 e6 3. cxd5 exd5 4. Nc3 Nf6 5. Bg5 Be7 6. e3 a6 7. Bd3 b5 8. Qc2 b4 9. Na4 0-0 10. Bxf6 Bxf6 11. Bxh7+ Kh8 12. Bd3 Re8 13. Ne2 Bd7 14. Nc5 Bc8 15. h4 Bxh4 16. g3 Kg8 17. Rxh4 c6 18. Kd2 Qa5 19. Nb3 Qa4 20. Rah1 Kf8 21. Qc5+ Re7 22. Rh8# 1-0